000
00221 a2200097 4500
001
37470
100
_a
Congreve's William
245
_a
The way of the world
260
_a
Delh
_b
Surjeet Publishe
_c
090
_c
23935
_d
23935
942
_a
NUST-CAE
_c
M
_c
15486
999
_c
272543
_d
272543